Unités du système international - Statistiques

Statistiques générales
  • Ce quiz a été pris 96 fois
  • Le résultat moyen est 13 sur 31
Statistiques - réponses
Hint Réponse % Correct
Seconde 1 Système International
91%
Mètre 1 Système International
87%
Kelvin 1 Système International
82%
Kilogramme 1 Système International
78%
Ampère 1 Système International
78%
Mole 1 Système International
75%
Candela 1 Système International
69%
Gallon 3 Unité anglo-saxonne
59%
Once 3 Unité anglo-saxonne
52%
Pinte 3 Unité anglo-saxonne
43%
Degré Celsius 2 Dérivée du Système International
41%
Mille 3 Unité anglo-saxonne
41%
Flacon 5 N'a jamais existé
41%
Degré Fahrenheit 3 Unité anglo-saxonne
40%
Setier 4 N'existe plus
36%
Coudée 4 N'existe plus
32%
Corde 4 N'existe plus
32%
Cuiller 5 N'a jamais existé
32%
Tasse 5 N'a jamais existé
31%
Poulaine 5 N'a jamais existé
31%
Panier 5 N'a jamais existé
29%
Hertz 2 Dérivée du Système International
26%
Acre 3 Unité anglo-saxonne
25%
Weber 2 Dérivée du Système International
24%
Chopine 4 N'existe plus
23%
Bougie 4 N'existe plus
23%
Lux 2 Dérivée du Système International
21%
Coulomb 2 Dérivée du Système International
20%
Muid 4 N'existe plus
20%
Gray 2 Dérivée du Système International
18%
Katal 2 Dérivée du Système International
7%
Aucun quiz correspondant
Distribution des résultats
% des personnes avec chaque résultat
Percentile par nombre de réponses
Votre historique - résultats
Vous n’avez pas pris ce quiz